Language Quiz

Random Language or Letter Quiz

Prepositions (A-Z) Quiz Stats

 Plays Quiz Updated Nov 17, 2016

Also try: Prepositions
Challenge
Share
Tweet
Score 0/20 Timer 03:00
0 Plays Today
Letter Sample Preposition % Correct
Aacross
99%
Bbefore
95.8%
Oover
88.6%
Ttoward
85.2%
Uup
84.9%
Ffrom
83.6%
Iinto
81.7%
Ddown
58.8%
Nnear
57.3%
Wwith
49.7%
Letter Sample Preposition % Correct
Rround
33.8%
Pper
33.3%
Ccirca
24.3%
Llike
24.2%
Vvia
18.9%
Eere
17.3%
Ssince
16.3%
Mmidst
11.6%
Qqua
9.6%
Ggiven
3.5%

You're not logged in!

Compare scores with friends on all Sporcle quizzes.
Join for Free
OR
Log In

You Might Also Like...

Show Comments

Extras

Top Quizzes Today


Score Distribution

Your Account Isn't Verified!

In order to create a playlist on Sporcle, you need to verify the email address you used during registration. Go to your Sporcle Settings to finish the process.

Report this User

Report this user for behavior that violates our Community Guidelines.

Details: